The EQ interview : (Record no. 20291)
[ view plain ]
| 000 -LEADER | |
|---|---|
| fixed length control field | 01350cam a22003015a 4500 |
| 001 - CONTROL NUMBER | |
| control field | 15141443 |
| 005 - DATE AND TIME OF LATEST TRANSACTION | |
| control field | 20201128021423.0 |
| 008 - FIXED-LENGTH DATA ELEMENTS--GENERAL INFORMATION | |
| fixed length control field | 080114t2008 nyua frb 001 0 eng d |
| 020 ## - INTERNATIONAL STANDARD BOOK NUMBER | |
| International Standard Book Number | 9780814409411 |
| 020 ## - INTERNATIONAL STANDARD BOOK NUMBER | |
| International Standard Book Number | 0814409415 |
| 040 ## - CATALOGING SOURCE | |
| Original cataloging agency | DLC |
| Transcribing agency | DLC |
| Modifying agency | BAKER |
| -- | YDXCP |
| -- | BTCTA |
| -- | C#P |
| -- | BWX |
| -- | NLGGC |
| -- | HNW |
| -- | DLC |
| -- | EG-ScBUE |
| Language of cataloging | eng |
| 082 04 - DEWEY DECIMAL CLASSIFICATION NUMBER | |
| Classification number | 658.31125 |
| Edition number | 22 |
| Item number | LYN |
| 100 1# - MAIN ENTRY--PERSONAL NAME | |
| Personal name | Lynn, Adele B. |
| 9 (RLIN) | 38916 |
| 245 14 - TITLE STATEMENT | |
| Title | The EQ interview : |
| Remainder of title | finding employees with high emotional intelligence / |
| Statement of responsibility, etc | Adele B. Lynn. |
| 260 ## - PUBLICATION, DISTRIBUTION, ETC. (IMPRINT) | |
| Place of publication, distribution, etc | New York : |
| Name of publisher, distributor, etc | AMACOM / SHRM / American Management Association, |
| Date of publication, distribution, etc | c.2008. |
| 300 ## - PHYSICAL DESCRIPTION | |
| Extent | vi, 184 p. : |
| Other physical details | ill. ; |
| Dimensions | 23 cm. |
| 500 ## - GENERAL NOTE | |
| General note | Index : p. 181-184. |
| 504 ## - BIBLIOGRAPHY, ETC. NOTE | |
| Bibliography, etc | Includes bibliographical references. |
| 505 0# - FORMATTED CONTENTS NOTE | |
| Formatted contents note | The five areas of emotional intelligence and the EQ job competencies -- Self-awareness -- Self-control or self-management -- Empathy -- Social expertness -- Personal influence : influencing self -- Mastery of purpose and vision -- The EQ fraud and other warning signs. |
| 650 #0 - SUBJECT ADDED ENTRY--TOPICAL TERM | |
| Topical term or geographic name as entry element | Employee selection. |
| Source of heading or term | BUEsh |
| 650 #0 - SUBJECT ADDED ENTRY--TOPICAL TERM | |
| Topical term or geographic name as entry element | Emotional intelligence |
| Form subdivision | Examinations, questions, etc. |
| Source of heading or term | BUEsh |
| 650 #0 - SUBJECT ADDED ENTRY--TOPICAL TERM | |
| Topical term or geographic name as entry element | Core competencies. |
| Source of heading or term | BUEsh |
| 650 #7 - SUBJECT ADDED ENTRY--TOPICAL TERM | |
| Topical term or geographic name as entry element | Employment interviewing. |
| Source of heading or term | BUEsh |
| 9 (RLIN) | 1331 |
| 650 #7 - SUBJECT ADDED ENTRY--TOPICAL TERM | |
| Topical term or geographic name as entry element | Work |
| General subdivision | Psychological aspects. |
| Source of heading or term | BUEsh |
| 9 (RLIN) | 1024 |
| 651 ## - SUBJECT ADDED ENTRY--GEOGRAPHIC NAME | |
| Source of heading or term | BUEsh |
| 653 ## - INDEX TERM--UNCONTROLLED | |
| Resource For college | BAEPS, Business Administration |
| Arrived date list | July2015 |
| -- | December2015 |
| 942 ## - ADDED ENTRY ELEMENTS (KOHA) | |
| Source of classification or shelving scheme | Dewey Decimal Classification |
| Withdrawn status | Lost status | Source of classification or shelving scheme | Damaged status | Not for loan | Koha collection | Home library | Current library | Shelving location | Date acquired | Source of acquisition | Cost, normal purchase price | Serial Enumeration / chronology | Total Checkouts | Full call number | Barcode | Checked out | Date last seen | Date last borrowed | Cost, replacement price | Koha item type |
|---|---|---|---|---|---|---|---|---|---|---|---|---|---|---|---|---|---|---|---|---|
| Dewey Decimal Classification | Baccah | Central Library | Central Library | First floor | 08/07/2015 | Purchase | 136.00 | 21782 | 1 | 658.31125 LYN | 000039276 | 20/11/2025 | 21/10/2025 | 21/10/2025 | 170.00 | Book - Borrowing |